Historia económica y de las instituciones financieas en Europa: trabajos en homenaje a Ferran Valls i Taberner
Uloženo v:
| Hlavní autor: | |
|---|---|
| Médium: | Kniha |
| Jazyk: | angličtina francouzština italština španělština |
| Vydáno: |
Zaragoza
Cometa
1989
|
| Témata: | |
| Tagy: |
Přidat tag
Žádné tagy, Buďte první, kdo vytvoří štítek k tomuto záznamu!
|
MARC
| LEADER | 00000nam a2200000 a 4500 | ||
|---|---|---|---|
| 001 | UCR7259 | ||
| 003 | CL-VaPUC | ||
| 008 | 980514e19890000SP |||||||||||||||||eng|d | ||
| 041 | 0 | 7 | |a eng |2 CL-VaPUC |
| 041 | 0 | 7 | |a fre |2 CL-VaPUC |
| 041 | 0 | 7 | |a ita |2 CL-VaPUC |
| 041 | 0 | 7 | |a spa |2 CL-VaPUC |
| 082 | 0 | 4 | |a 940.1 |b PEL |2 21 |
| 100 | 0 | |a Peláez, Manuel J |e author |9 408554 | |
| 245 | 1 | 0 | |a Historia económica y de las instituciones financieas en Europa: trabajos en homenaje a Ferran Valls i Taberner |
| 300 | |a v | ||
| 942 | |c BK | ||
| 945 | |d 19980514 00:00:00 |a mvenant | ||
| 260 | |a Zaragoza |b Cometa |c 1989 | ||
| 650 | 0 | |a Economía |9 255568 | |
| 650 | 0 | |a Historia |9 255047 | |
| 650 | 7 | |a INSTITUCIONES FINANCIERAS |2 CL-VaPUC |9 257940 | |
| 650 | 0 | |a Edad media |9 258041 | |
| 651 | 0 | |a Europa |9 255156 | |
| 583 | |a last modification |c 19980514 00:00:00 |k Rodrigo Vera | ||
| 999 | |c 269000 |d 268998 | ||
| 952 | |0 0 |1 0 |4 0 |6 940_100000000000000_PEL_1989 |7 0 |8 P |9 302584 |a BIBDER |b BIBDER |d 2019-11-20 |h v.12 |i 342328K |o 940.1 PEL 1989 |p 342328K |r 2023-01-25 |w 2019-11-20 |y BK |k DER | ||